| 000 | 00648 a2200241 4500 | ||
|---|---|---|---|
| 260 | _aParis | ||
| 100 | _aDAMAYE, R. | ||
| 700 | _aGAGNE, C. | ||
| 260 | _bSociété des Editions Commerciales de France | ||
| 260 | _bEditions Radio | ||
| 245 | _aAlimentations électroniques : théorie et pratique | ||
| 300 | _a481 p. | ||
| 650 | _a<Appareils électroniques-Alimentation en énergie><Courant constant> | ||
| 260 | _c1982 | ||
| 300 | _bill., graph. ; 24 cm | ||
| 130 | _lFr. | ||
| 035 | _a8924 | ||
| 035 | _a11047 | ||
| 500 | _a bibliographie à la fin des chapitres | ||
| 999 |
_c13377 _d13377 |
||